Стенограмма 2-го Заседания Совета Национальностей 3-й Сессии ЦИК СССР 7-го созыва. /Вечер/

Доступно только в Электронных читальных залах Найти на картеНа карте
RUSMARC
00004692nac2a22003013x 450
00171ffa94f-ec71-4ad6-ab5c-ac24fbcd3e9d
00520210719172152.0
100##$a20210612l1937 k y0rusy50 ca
1010#$arus
102##$aRU
105##$ay z |||||
1220#$ad19370112
2001#$aСтенограмма 2-го Заседания Совета Национальностей 3-й Сессии ЦИК СССР 7-го созыва. /Вечер/
$j12.01.1937
215##$a110 листов
251##$cДело
300##$aЗаголовок дела на папке: Стенограмма 2-го Заседания Совета Национальностей 3-й Сессии ЦИК СССР VII-го созыва. 12 января 1937 года. (Вечер)
300##$aМашинописный текст
330##$aВходит в раздел описи: VII-й Съезд Советов. 3-я Сессия ЦИК СССР
461#0$1001796d4672-8a00-4986-b488-6e42273792cc
$12001
$aЦЕНТРАЛЬНЫЙ ИСПОЛНИТЕЛЬНЫЙ КОМИТЕТ СССР (ЦИК СССР)
$1251
$cФонд
$1852
$j3316
$gР
462#0$10012246e4af-064a-4b66-b386-cae0ddb7fb2d
$12001
$aДела 7-го Съезда Советов и 1-й, 2-й, 3-й, 4-й Сессий 7-го созыва. 1935-1937 гг.
$vД. 172
$1251
$cОпись
$1852
$j7
5171#$aСтенограмма 2-го Заседания Совета Национальностей 3-й Сессии ЦИК СССР VII-го созыва. 12 января 1937 года. (Вечер)
60101$3RU\NLR\AUTH\880357276
$aСССР
$bЦИК
60102$3RU\NLR\AUTH\880399377
$aСССР
$bЦИК
$bСозыв
$c7
$bСессия
$d3
60102$aСССР. ЦИК. Созыв (7). Сессия (3). Заседание Совета национальностей (2)
60101$3RU\NLR\AUTH\880398223
$aСССР
$bЦентральный исполнительный комитет
$bСовет национальностей
801#0$aRU
$bGA_RF
801#1$aRU
$bГлавНИВЦ
$c20210612
$2rusmarc
801#2$aRU
$bПБ им. Б.Н. Ельцина
$c20210719
$gRCR
$2rusmarc
852##$aГА РФ
$j172
937##$d166416435
$hГАРФ
035##$aRuPRLIB51060627
856##$uhttp://readingroom.main.prlib.ru/item.aspx?id_node=n166416435&mode=full
Формат отображения